Caminos rurales: proyecto y construcción

-д хадгалсан:
Номзүйн дэлгэрэнгүй
Үндсэн зохиолч: Dal-Ré Tenreiro, Rafael (Зохиогч)
Формат: Ном
Хэл сонгох:испани
Хэвлэсэн: Madrid Mundi-Prensa 2001
Хэвлэл:3a. ed
Нөхцлүүд:
Шошгууд: Шошго нэмэх
Шошго байхгүй, Энэхүү баримтыг шошголох эхний хүн болох!

MARC

LEADER 00000cam a2200000 a 4500
001 UCG2896
003 CL-VaPUC
008 100729e20010000SP |||||||||||||||||spa|d
020 |a 8471149990 
082 0 4 |a 631.4  |b DAL  |2 21 
100 0 |a Dal-Ré Tenreiro, Rafael  |e author  |9 551547 
245 1 0 |a Caminos rurales: proyecto y construcción 
250 |a 3a. ed 
300 |a 224 p 
942 |c BK 
945 |d 20100729 00:00:00  |a mfarfan 
260 |a Madrid  |b Mundi-Prensa  |c 2001 
650 0 |a Suelos  |9 260322 
650 7 |a ESPACIOS RURALES  |2 CL-VaPUC  |9 466736 
650 7 |a USO DE SUELOS  |2 CL-VaPUC  |9 475258 
650 7 |a ESTABILIZACION DE SUELOS  |2 CL-VaPUC  |9 262770 
583 |a last modification  |c 20190704 09:12:42  |k Rodrigo Vera 
999 |c 341998  |d 341996